El problema de Dios, hoy
Enregistré dans:
| Auteur principal: | |
|---|---|
| Format: | Livre |
| Langue: | espagnol |
| Publié: |
Santander
Sal Terrae
2012
|
| Édition: | 1a. ed |
| Collection: | Presencia Teológica, 186
|
| Sujets: | |
| Tags: |
Ajouter un tag
Pas de tags, Soyez le premier à ajouter un tag!
|
MARC
| LEADER | 00000cam a2200000 a 4500 | ||
|---|---|---|---|
| 001 | UCE7347 | ||
| 003 | CL-VaPUC | ||
| 008 | 150605e20120000sp |||||||||||||||||spa|d | ||
| 020 | |a 9788429320022 | ||
| 082 | 0 | 4 | |a 231 |b AUG |2 21 |
| 100 | 0 | |a Augustin, George |e author |9 580036 | |
| 245 | 1 | 3 | |a El problema de Dios, hoy |
| 250 | |a 1a. ed | ||
| 300 | |a 199 p | ||
| 942 | |c BK | ||
| 945 | |d 20150605 14:50:00 |a gsalatino | ||
| 260 | |a Santander |b Sal Terrae |c 2012 | ||
| 650 | 0 | |a Teología |9 258766 | |
| 650 | 0 | |a Dios |9 266622 | |
| 650 | 7 | |a CIENCIAS RELIGIOSAS |2 CL-VaPUC |9 382853 | |
| 583 | |a last modification |c 20150605 14:50:00 |k Rodrigo Vera | ||
| 490 | 0 | |a Presencia Teológica, 186 | |
| 999 | |c 359447 |d 359445 | ||
| 952 | |0 0 |1 0 |3 erb |4 0 |6 231_000000000000000_AUG_2012 |7 0 |8 A |9 468638 |a BIBTEO |b BIBTEO |e Villagrán Garnham, Jorge |i 518228K |o 231 AUG 2012 |p 518228K |r 2025-01-17 |w 2019-11-23 |y BK |z Catalogado en:20150605 |k ICR | ||
| 952 | |0 0 |1 0 |3 erb |4 0 |6 231_000000000000000_AUG_2012 |7 0 |8 A |9 468639 |a BIBTEO |b BIBTEO |i 5410207 |o 231 AUG 2012 |p 5410207 |r 2025-01-17 |w 2019-11-23 |y BK |z Catalogado en:20170721 |k ICR | ||